Footballeurs les mieux valorisés par pays - Statistiques

Statistiques générales
  • Ce quiz a été pris 484 fois
  • Le résultat moyen est 25 sur 40
Statistiques - réponses
Pays Valeur Club Joueur % Correct
France 180 M Real Madrid Kylian Mbappé
99%
Norvège 200 M Manchester City Erling Haaland
98%
Brésil 180 M Real Madrid Vinicius Júnior
97%
Angleterre 180 M Real Madrid Jude Bellingham
96%
Espagne 130 M Manchester City Rodri
90%
Argentine 110 M Inter Milan Lautaro Martínez
87%
Portugal 90 M AC Milan Rafael Leão
86%
Allemagne 130 M Bayer Leverkusen | Bayern Munich Florian Wirtz | Jamal Musiala
84%
Uruguay 120 M Real Madrid Frederico Valverde
84%
Égypte 55 M Liverpool Mohamed Salah
80%
Maroc 60 M Paris Saint-Germain Achraf Hakimi
79%
Géorgie 80 M SSC Napoli Khvicha Kvaratskhelia
77%
Colombie 80 M Liverpool Luis Díaz
74%
Nigéria 75 M Galatasaray Victor Osimhen
73%
Pays-Bas 80 M RB Leipzig Xavi Simmons
73%
Canada 50 M Bayern Munich Alphonso Davies
70%
Suède 75 M Newcastle Alexander Isak
68%
Belgique 65 M Manchester City Jérémy Doku
68%
Croatie 75 M Manchester City Josko Gvardiol
68%
Turquie 45 M Real Madrid | Inter Milan Arda Güler | Hakan Çalhanoğlu
67%
Corée du Sud 45 M Bayern Munich | Tottenham Min-jae Kim | Heung-min Son
67%
Italie 80 M Inter Milan Nicolò Barella
63%
Serbie 65 M Juventus Dušan Vlahović
61%
États-Unis 40 M AC Milan Christian Pulisic
58%
Japon 50 M Real Sociedad Takefusa Kubo
58%
Équateur 75 M Chelsea Moisés Caicedo
57%
Hongrie 75 M Liverpool Dominik Szoboszlai
56%
Suisse 45 M Manchester City Manuel Akanji
53%
Danemark 65 M Manchester United Rasmus Højlund
53%
Ghana 50 M West Ham Mohammed Kudus
41%
Slovénie 50 M RB Leipzig Benjamin Sesko
40%
Guinée 40 M Borussia Dortmund Serhou Guirassy
39%
Jamaïque 42 M Aston Villa Leon Bailey
35%
Burkina Faso 45 M Bayer Leverkusen Edmond Tapsoba
32%
Sénégal 45 M Tottenham Pape Matar Sarr
28%
Cameroun 40 M Brentford Bryan Mbeumo
26%
Pays de Galles 48 M Tottenham Brennan Johnson
25%
Irlande 45 M Brighton and Hove Albion Evan Ferguson
23%
Mexique 40 M Feyenoord Rotterdam Santiago Giménez
19%
Côte d'Ivoire 40 M Sporting CP Ousmane Diomande
14%
Aucun quiz correspondant
Distribution des résultats
% des personnes avec chaque résultat
Percentile par nombre de réponses
Votre historique - résultats
Vous n’avez pas pris ce quiz